Estadísticas para 5 países principales al azar

Haz click aquí para intentar la prueba.

Estadísticas generales

  • Esta prueba ha sido intentada 1.454 veces
  • La puntuación promedio es 25 de 40

Estadísticas de respuestas

CategoríaPaís% Correcto
Más ricoAlemania
100%
Más poblado de EuropaAlemania
100%
La mayoría de los artículos importadosAlemania
100%
Más poblado de América del SurArgentina
100%
La mayoría de las fronterasBrasil
100%
Área más grandeBrasil
100%
Mejores productores de bananoBrasil
100%
Más poblado de América del SurBrasil
100%
Área más grandeCanadá
100%
Más poblado de América del NorteCanadá
100%
Fronteras de agua más largasCanadá
100%
La mayoría de las megaciudadesChina
100%
La mayoría de las tormentas tropicalesChina
100%
Militar más poderosoChina
100%
La mayoría de los artículos importadosChina
100%
Con la ciudad mas grandeChina
100%
Artículos más exportadosChina
100%
Mayor poblaciónChina
100%
Porcentaje más bajo por debajo del umbral de pobrezaChina
100%
Más poblado de AsiaChina
100%
Fronteras totales más largasChina
100%
Más poblado de América del SurColombia
100%
Artículos más exportadosCorea del Sur
100%
La mayoría de los rascacielosEmiratos Árabes Unidos
100%
Fronteras terrestres más largasEstados Unidos
100%
La mayoría de los rascacielosEstados Unidos
100%
Más ricoEstados Unidos
100%
La mayoría de los territorios de ultramarEstados Unidos
100%
Área más grandeEstados Unidos
100%
La mayoría de las estrellas en la banderaEstados Unidos
100%
Militar más poderosoEstados Unidos
100%
Los mayores exportadores de armasEstados Unidos
100%
Mayor poblaciónEstados Unidos
100%
La mayoría de los usuarios de JetPunkEstados Unidos
100%
La mayoría de los artículos importadosEstados Unidos
100%
La mayoría de las megaciudadesEstados Unidos
100%
La mayoría de los multimillonariosEstados Unidos
100%
Artículos más exportadosEstados Unidos
100%
El edificio más altoEstados Unidos
100%
Más poblado de América del NorteEstados Unidos
100%
La mayoría de las tormentas tropicalesEstados Unidos
100%
La mayoría de los colores en la banderaFiyi | Eritrea | Croacia | Colombia
100%
Más ricoIndia
100%
La mayoría de las megaciudadesIndia
100%
Más poblado de AsiaIndia
100%
Más poblado de AsiaIndonesia
100%
La mayoría de los rascacielosJapón
100%
Artículos más exportadosJapón
100%
Con la ciudad mas grandeJapón
100%
Más poblado de América del NorteMéxico
100%
Más poblado de ÁfricaNigeria
100%
Más poblado de AsiaPakistán
100%
La mayoría de las megaciudadesPakistán | Brasil
100%
Más poblado de EuropaReino Unido
100%
Fronteras de agua más largasRusia
100%
Fronteras totales más largasRusia
100%
Más poblado de EuropaRusia
100%
Los mayores exportadores de armasRusia
100%
Área más grandeRusia
100%
Militar más poderosoRusia
100%
Más poblado de América del SurVenezuela
100%
El edificio más altoChina
92%
El edificio más altoEmiratos Árabes Unidos
92%
Fronteras terrestres más largasChina
91%
Menos poblado en EuropaCiudad del Vaticano
91%
Fronteras terrestres más largasRusia
91%
Menos poblado en EuropaSan Marino
91%
Menos poblado en América del SurBolivia
90%
Área más grandeChina
90%
Menos poblado en América del SurParaguay
90%
Menos poblado en América del SurSurinam
90%
Menos poblado en América del SurUruguay
90%
La mayoría de los usuarios de JetPunkCanadá
89%
Mayor poblaciónIndia
89%
Con la ciudad mas grandeMéxico
89%
Mayor densidad de poblaciónMónaco
89%
La mayoría de los multimillonariosChina
88%
La mayoría de los artículos importadosJapón
88%
La mayoría de los multimillonariosRusia
88%
Más ricoChina
86%
La mayoría de los territorios de ultramarFrancia
86%
La mayoría de las tormentas tropicalesJapón
86%
Más ricoJapón
86%
Más poblado de América del SurPerú
86%
El edificio más altoArabia Saudita
83%
Fronteras totales más largasCanadá
83%
Coeficiente intelectual medio más altoChina
83%
El edificio más altoCorea del Sur
83%
Más poblado de EuropaFrancia
83%
La mayoría de los parques nacionalesIndia
83%
Menos poblada en OceaníaIslas Marshall
83%
Más poblado de EuropaItalia
83%
Menos poblada en OceaníaNauru
83%
Menos poblada en OceaníaPalaos
83%
Menos poblada en OceaníaTuvalu
83%
Menos poblado en EuropaAndorra
82%
Fronteras terrestres más largasBrasil
82%
Fronteras terrestres más largasIndia
82%
La más poblada de OceaníaAustralia
80%
La mayoría de las islasCanadá
80%
La mayoría de las fronterasChina
80%
La más poblada de OceaníaFiyi
80%
La mayoría de las fronterasFrancia
80%
Menos poblado en América del SurGuyana
80%
La mayoría de las islasIndonesia
80%
La mayoría de las islasNoruega
80%
La más poblada de OceaníaNueva Zelanda
80%
La mayoría de las fronterasRusia
80%
Fronteras totales más cortasCiudad del Vaticano
79%
Menos poblado en América del NorteAntigua y Barbuda
78%
La mayoría de las estrellas en la banderaBrasil
78%
Con la ciudad mas grandeBrasil
78%
La mayoría de los usuarios de JetPunkFrancia
78%
Con la ciudad mas grandeIndia
78%
Edad mediana más altaJapón
78%
Área más pequeñaSan Marino
78%
La mayoría de los multimillonariosAlemania
75%
Porcentaje mínimo de bosqueCatar
75%
Población más pequeñaCiudad del Vaticano
75%
Más poblado de América del NorteGuatemala
75%
La mayoría de los artículos importadosReino Unido
75%
La mayoría de los multimillonariosReino Unido
75%
Menos poblado en EuropaLiechtenstein
73%
Menos poblado en EuropaMónaco
73%
La mayoría de multimillonarios per cápitaMónaco
71%
Fronteras totales más cortasMónaco
71%
La mayoría de los territorios de ultramarReino Unido
71%
La mayoría de multimillonarios per cápitaSuiza
71%
Edad mediana más altaAlemania
67%
Densidad de población más bajaAustralia
67%
Más poblado de AsiaBangladés
67%
Menos poblado en AsiaBután
67%
Mejores productores de bananoChina
67%
La mayoría de los rascacielosChina
67%
Área más pequeñaCiudad del Vaticano
67%
Coeficiente intelectual medio más altoCorea del Sur
67%
Menos poblado en América del NorteDominica
67%
Mejores productores de bananoIndia
67%
Edad mediana más altaItalia
67%
Coeficiente intelectual medio más altoJapón
67%
La mayoría de las megaciudadesJapón
67%
Menos poblado en AsiaMaldivas
67%
Edad mediana más altaMónaco
67%
Densidad de población más bajaMongolia
67%
Mayor poblaciónPakistán
67%
Más poblado de ÁfricaRepública Democrática del Congo
67%
Coeficiente intelectual medio más altoSingapur
67%
Menos poblada en OceaníaTonga
67%
Más poblado de América del NorteHaití
63%
Población más pequeñaSan Marino
63%
Los más pobresRepública Democrática del Congo
62%
Los mayores exportadores de armasAlemania
60%
Los mayores exportadores de armasEspaña
60%
Los mayores exportadores de armasFrancia
60%
La más poblada de OceaníaIslas Salomón
60%
La más poblada de OceaníaPapua Nueva Guinea
60%
La mayoría de las fronterasRepública Democrática del Congo
60%
Fronteras totales más cortasSan Marino
57%
Militar más poderosoAlemania
56%
La mayoría de ovejas per cápitaAustralia
56%
Menos poblado en América del NorteGranada
56%
Mayor poblaciónIndonesia
56%
Área más pequeñaMónaco
56%
La mayoría de ovejas per cápitaMongolia
56%
La mayoría de ovejas per cápitaNueva Zelanda
56%
Artículos menos importadosPalaos
56%
La mayoría de los usuarios de JetPunkReino Unido
56%
Menos poblado en América del NorteSan Cristóbal y Nieves
56%
Menos poblado en América del NorteSan Vicente y las Granadinas
56%
Mayor densidad de poblaciónSingapur
56%
Artículos menos importadosTuvalu
56%
Área más pequeñaTuvalu
56%
Artículos más exportadosAlemania
50%
La mayoría de los parques nacionalesBrasil
50%
Menos poblado en AsiaBrunéi
50%
Menos poblado en ÁfricaComoras
50%
Porcentaje mínimo de bosqueEgipto
50%
Mejores productores de bananoFilipinas
50%
La mayoría de los colores en la banderaGuatemala
50%
Porcentaje mínimo de bosqueNauru
50%
Edad mediana más bajaNíger
50%
Porcentaje mínimo de bosqueSan Marino
50%
Menos poblado en ÁfricaSeychelles
50%
Mayor porcentaje de bosqueSurinam
50%
Edad mediana más bajaUganda
50%
Artículos menos importadosEstados Federados de Micronesia
44%
Mayor densidad de poblaciónMaldivas
44%
Mayor densidad de poblaciónMalta
44%
Área más pequeñaNauru
44%
Artículos menos importadosNauru
44%
Militar más poderosoReino Unido
44%
La mayoría de los territorios de ultramarAustralia
43%
La mayoría de las tormentas tropicalesFilipinas
43%
La mayoría de multimillonarios per cápitaLiechtenstein
43%
Fronteras totales más largasIndonesia
42%
La mayoría de las islasSuecia
40%
Población más pequeñaNauru
38%
Población más pequeñaPalaos
38%
Población más pequeñaTuvalu
38%
La mayoría de los parques nacionalesAustralia
33%
La mayoría de los usuarios de JetPunkAustralia
33%
Porcentaje más bajo por debajo del umbral de pobrezaAustria
33%
Mayor densidad de poblaciónBaréin
33%
Menos poblado en AsiaBaréin
33%
La mayoría de los rascacielosCorea del Sur
33%
Mejores productores de bananoEcuador
33%
Más poblado de ÁfricaEgipto
33%
Más poblado de ÁfricaEtiopía
33%
Fronteras de agua más largasFilipinas
33%
Fronteras de agua más largasIndonesia
33%
Densidad de población más bajaIslandia
33%
Porcentaje más bajo por debajo del umbral de pobrezaKazajistán
33%
Artículos menos importadosKiribati
33%
Artículos menos exportadosNauru
33%
Fronteras totales más largasNoruega
33%
Fronteras de agua más largasNoruega
33%
Artículos menos exportadosPalaos
33%
La mayoría de los parques nacionalesTailandia
33%
Coeficiente intelectual medio más altoTaiwán
33%
Más poblado de ÁfricaTanzania
33%
Menos poblado en AsiaTimor Oriental
33%
Artículos menos exportadosTuvalu
33%
La mayoría de ovejas per cápitaUruguay
33%
Menos poblado en ÁfricaYibuti
33%
Los más pobresUganda
31%
La mayoría de las tormentas tropicalesMéxico
29%
La mayoría de los territorios de ultramarNueva Zelanda
29%
La mayoría de multimillonarios per cápitaSan Cristóbal y Nieves
29%
Fronteras totales más cortasTuvalu
29%
La mayoría de los colores en la banderaCosta Rica
25%
La mayoría de los colores en la banderaGuinea Ecuatorial
25%
La mayoría de los colores en la banderaHaití
25%
Edad mediana más bajaMalí
25%
Porcentaje más alto por debajo del umbral de pobrezaNigeria
25%
Porcentaje mínimo de bosqueOmán
25%
Mayor porcentaje de bosqueSeychelles
25%
Porcentaje más alto por debajo del umbral de pobrezaSierra Leona
25%
Porcentaje más alto por debajo del umbral de pobrezaSiria
25%
Porcentaje más alto por debajo del umbral de pobrezaZimbabue
25%
Los más pobresMozambique
23%
La mayoría de las estrellas en la banderaDominica
22%
La mayoría de las estrellas en la banderaUzbekistán
22%
Fronteras totales más cortasNauru
21%
La mayoría de las islasFinlandia
20%
La mayoría de multimillonarios per cápitaChipre
14%
Edad mediana más altaEslovenia
11%
Porcentaje más bajo por debajo del umbral de pobrezaTurkmenistán
11%
La mayoría de ovejas per cápitaTurkmenistán
11%
Los más pobresTayikistán
8%
Los más pobresYemen
8%
Edad mediana más bajaAngola
0%
Menos poblado en ÁfricaCabo Verde
0%
La mayoría de las estrellas en la banderaCabo Verde
0%
Mayor porcentaje de bosqueEstados Federados de Micronesia
0%
Mayor porcentaje de bosqueGabón
0%
La mayoría de los parques nacionalesIsrael
0%
Porcentaje más alto por debajo del umbral de pobrezaMadagascar
0%
Edad mediana más bajaMalaui
0%
Densidad de población más bajaNamibia
0%
Mayor porcentaje de bosquePalaos
0%
Artículos menos exportadosSanto Tomé y Príncipe
0%
Menos poblado en ÁfricaSanto Tomé y Príncipe
0%
Densidad de población más bajaSurinam
0%
Porcentaje más bajo por debajo del umbral de pobrezaTaiwán
0%
Artículos menos exportadosTonga
0%

Distribución de puntuación

Porcentaje por número respondido

Porcentaje de gente con cada puntuación

Historial de tus puntuaciones

No has intentado esta prueba.